LDR 01433nam a2200313 i 4500 001 000000242986 003 CaOOAMICUS 005 20150619000000.0 008 150619s2011 it u000 u ita u 013 $a221891 020 $a978-88-7135-677-8 020 $a978-88-01-04930-5 040 $aSeMil$bita 100 1 $aRusso, Claudio.$0(OLS)http://semarc/name/82065 245 10$aBeato Francesco Paleari :$bil prete santo del Cottolengo /$cClaudio Russo. 260 $aCascine Vica (TO) :$bElledici,$c2011. 260 $aGorle :$bVelar,$c2011. 300 $a47 p. :$bill. ;$c21 cm. 490 0 $aCollana blu "Messaggeri d'amore" protagonisti della fede ;$v222 650 4$aPaleari, Francesco
.$0(OLS)http://semarc/subject/22207 830 0$aCollana blu : messaggeri d'amore, protagonisti della fede ;$v222.$0(OLS)http://semarc/title/38058 850 $aSeMil 852 $aSeMil$W1$xVenegono$y1$m5B III 35/4$j193332$B193332$CSeMilBibl$Z2$F204125 $81 961 $aOmaggio: Di Tolve don Michele 996 $6020$a978-88-7135-677-8$9(OLS)http://semarc/number/250557 996 $6020$a978-88-01-04930-5$9(OLS)http://semarc/number/250558 996 $6245$aBeato Francesco Paleari :$bil prete santo del Cottolengo$9(OLS)http://semarc/title/344785 996 $6260$aGorle :$bVelar$9(OLS)http://semarc/publisher/33489 996 $6260$aCascine Vica (TO) :$bElledici$9(OLS)http://semarc/publisher/36404